Zamestnanosť v cestovnom ruchu generovaná ubytovacími službami – fenomén chatových oblastí bakalárska práca

Gespeichert in:
Bibliographische Detailangaben
1. Verfasser: Prokešová, Romana
Körperschaft: Obchodná fakulta EU. Katedra služieb a cestovného ruchu - zrušené
Weitere Verfasser: Özoğlu, Martina, 1990-
Format: Buch
Sprache:Slowakisch
Veröffentlicht: Bratislava 2021
Tags: Tag hinzufügen
Keine Tags, Fügen Sie das erste Tag hinzu!

MARC

LEADER 00000nbm a2200000 4500
001 0275993
005 20220203121006.3
041 0 |a slo 
044 |a SK 
245 1 0 |a Zamestnanosť v cestovnom ruchu generovaná ubytovacími službami – fenomén chatových oblastí  |b bakalárska práca  |c Romana Prokešová ; školiteľ: Martina Özoğlu 
264 1 |a Bratislava  |c 2021 
300 |a 55 s. 
100 1 |a Prokešová, Romana 
700 1 |a Özoğlu, Martina, 1990- 
710 2 |a Obchodná fakulta EU. Katedra služieb a cestovného ruchu - zrušené